Cooler Than Me - Mike Posner (Single Mix) - All Lyrics - Statistics

General Stats
  • This quiz has been taken 88 times
  • The average score is 353 of 415
Answer Stats
Answer % Correct
a
100%
I
100%
(Shh)
100%
to
100%
you
100%
You
100%
You,
100%
you,
100%
(You
100%
who
98%
Who
98%
make
97%
cooler
95%
(Cooler
95%
in
95%
me
95%
me)
95%
than
95%
could
94%
have
94%
love
94%
my
94%
that
94%
your
94%
And
92%
fall
92%
song
92%
think
92%
write
92%
like
91%
you're
91%
all
89%
already
89%
"hey"
89%
would
89%
got
88%
If
88%
it
86%
(It
86%
probably
86%
under
86%
(Under
86%
do
84%
the
84%
arm
83%
arm)
83%
face
83%
just
83%
But
81%
'cause
81%
'Cause
81%
say
81%
this
81%
up
81%
up,
81%
we
81%
(We
81%
hide
78%
hope
78%
it's
78%
never
78%
no
78%
used
78%
wear
78%
won't,
78%
around
77%
'em
77%
name
77%
out
77%
remember
77%
see
77%
see)
77%
know
75%
of
75%
shades
75%
are
73%
are?
73%
don't
73%
eyes
73%
feel
73%
tricks,
73%
figured
72%
seen
72%
When
72%
when
72%
designer
69%
on
69%
much
67%
everyone's
66%
need
66%
or
66%
noise
64%
shoes
64%
ain't
63%
even
63%
way
63%
look
61%
makeup,
56%
nobody
56%
steps
56%
shit
55%
knows
53%
Behind
52%
feet
50%
by
47%
head
47%
walk
42%
clouds
41%
pass
38%
seems
28%
seems)
28%
highbrow,
25%
sure
23%
doubts
19%
doubts)
19%
switch
19%
No matching quizzes found
Score Distribution
Percent of People with Each Score
Percentile by Number Answered
Your Score History
You have not taken this quiz